Bonnie types-FNAF - Statistics

General Stats
  • This quiz has been taken 41 times
    40 since last reset
  • The average score is 12 of 15
Answer Stats
Hint Answer % Correct
FNAF 4 Jack-o-bonnie
100%
FNAF 2 Toy
100%
FNAF 1 Bonnie
97%
FNAF 2 Withered
97%
FNAF 4 Nightmare
94%
FNAF 2 RWQFSFASXC
88%
SL Bonbon
82%
SB Ruin Glamrock
82%
Pizzeria Sim Rockstar
82%
SL Bonnet
79%
FNAF 3 Springtrap
79%
FNAF 4 Plushtrap
61%
Pizzeria Sim Scraptrap
58%
FNAF 4 Springbonnie
55%
SB Burntrap
36%
No matching quizzes found
Score Distribution
Percent of People with Each Score
Percentile by Number Answered
Your Score History
You have not taken this quiz since the last reset